Cultural encounter : (Registro nro. 57254)
[ vista simple ]
| 000 -LÍDER | |
|---|---|
| Campo fijo de descripción fija | 01081aab a2200241 i 4500 |
| 001 - NÚMERO DE CONTROL | |
| Campo de control | 768714001 |
| 003 - IDENTIFICADOR DEL NÚMERO DE CONTROL | |
| Campo de control | CO-MdFUSB |
| 005 - FECHA Y HORA DE LA ULTIMA TRANSACCIÓN | |
| control field | 20240808165813.0 |
| 008 - ELEMENTOS DE LONGITUD FIJA -- INFORMACIÓN GENERAL | |
| Campo fijo de descripción fija -- Información general | 240808t2001 -us||||| |||| 00| 0 eng d |
| 040 ## - FUENTE DE CATALOGACIÓN | |
| Idioma de catalogación | spa |
| Agencia que realiza la transcripción | CO-MdFUSB |
| 041 ## - CÓDIGO DE IDIOMA | |
| Código de idioma para texto/pista de sonido o título separado | eng |
| 100 1# - ASIENTO PRINCIPAL--NOMBRE PERSONAL | |
| Nombre personal | Grayson, James Huntley |
| Término relacionador | autor |
| 245 10 - TÍTULO | |
| Título | Cultural encounter : |
| Subtitulo | Korean protestantism and other religious traditions |
| Mención de responsabilidad | / James Huntley Grayson |
| 520 ## - NOTA DE RESUMEN, ETC. | |
| Nota de sumario, etc. | Sudán, Nigeria y Turkmenistán obtienen un 7, la categoría más baja en libertad religiosa según el autor, lo que indica que las violaciones de la libertad religiosa en todo el mundo son masivas, generalizadas y, en los últimos cinco años, están aumentando. |
| 546 ## - NOTA DE IDIOMA | |
| Nota de idioma | Texto en inglés. |
| 650 #0 - ASIENTO SECUNDARIO DE MATERIA - TERMINO TEMÁTICO | |
| Término temático o nombre geográfico como elemento de entrada | Cristianismo y otras religiones |
| 9 (RLIN) | 1247 |
| 650 #0 - ASIENTO SECUNDARIO DE MATERIA - TERMINO TEMÁTICO | |
| Término temático o nombre geográfico como elemento de entrada | Protestantismo |
| 9 (RLIN) | 947 |
| 650 #0 - ASIENTO SECUNDARIO DE MATERIA - TERMINO TEMÁTICO | |
| Término temático o nombre geográfico como elemento de entrada | Conversión |
| 9 (RLIN) | 950 |
| 650 #7 - ASIENTO SECUNDARIO DE MATERIA - TERMINO TEMÁTICO | |
| Término temático o nombre geográfico como elemento de entrada | Antropología cultural y social |
| 9 (RLIN) | 6714 |
| 773 0# - ASIENTO DE ITEM FUENTE | |
| Título | International Bulletin |
| Biblionumber | 49483 |
| Itemnumber | 60997 |
| Parte(s) relacionada(s) / Volumen., número. (mes año), páginas | Volumen 25, (número 2, 2001), páginas: 66 - 72 |
| Enumeración y primera página | página: 66 |
| 942 ## - TIPO DE MATERIAL (KOHA) | |
| Tipo de Item KOHA | Artículos de Revista |
| 945 ## - INFORMACIÓN LOCAL DEL REGISTRO | |
| Catalogador | Catherine Arias Álvarez - Practicante SENA |
No hay ítems disponibles.
